| 000 | 00784cam a22002054a 4500 | ||
|---|---|---|---|
| 005 | 20250605163929.0 | ||
| 008 | 250528s ||||||||||||||||||||||||d | ||
| 035 | _a14615 | ||
| 020 | _a471080284 | ||
| 040 |
_aGR-AtMCL _bgre _dGR-AtMCL _eAACR2 |
||
| 245 | 1 | _aLoneliness / A Sourcebook of Current Theory, Research and Therapy | |
| 260 |
_bJohn Wiley & Sons, _c1982 |
||
| 300 | _a432 | ||
| 520 | _aPerspectives on Loneliness, Aloneness, Conceptual and Methodological Issues in Studying Loneliness, Theoretical Approaches to Loneliness, Loneliness in Adulthood, Developmental Perspectives on Loneliness, Therapy for Loneliness, Author and Subject Index. | ||
| 700 | 1 |
_aPeplau Letitia Anne _9342 |
|
| 700 | 1 |
_aPerlman Daniel _9343 |
|
| 942 | _cBK | ||
| 999 |
_c239 _d239 |
||